[Event "EU-chT (Women) 24th"]
[Site "Budva"]
[Date "2023.11.19"]
[Round "8.2"]
[White "Makropoulou, Marina"]
[Black "Mammadova, Gulnar Marfat Qizi"]
[Result "1/2-1/2"]
[WhiteElo "2124"]
[BlackElo "2350"]
[PlyCount "65"]
[EventDate "2023.11.11"]
[EventType "team-swiss"]
[EventRounds "9"]
[EventCountry "MNE"]
[SourceTitle "CB47_2023"]
[SourceDate "2023.11.22"]
[SourceVersion "1"]
[SourceVersionDate "2023.11.22"]
[SourceQuality "1"]
[WhiteTeam "Greece (W)"]
[BlackTeam "Azerbaijan (W)"]
[WhiteTeamCountry "GRE"]
[BlackTeamCountry "AZE"]

1. e4 e5 2. Nf3 Nc6 3. Nc3 Nf6 4. Bb5 Bd6 5. 0-0 0-0 6. d3 h6 7. Ba4 a6 8. a3 b5 9. Bb3 Bc5 10. Nxe5 Nxe5 11. d4 Bxd4 12. Qxd4 d6 13. Qd1 Be6 14. f4 Ned7 15. Bxe6 fxe6 16. Be3 Qe7 17. Qe2 c5 18. Bf2 e5 19. f5 Nb6 20. Bh4 b4 21. axb4 cxb4 22. Na4 Qb7 23. Bxf6 Rxf6 24. Nxb6 Qxb6+ 25. Kh1 Qd4 26. Rfd1 Qxb2 27. Qc4+ Kh7 28. Ra2 Qc3 29. Qxc3 bxc3 30. g4 Rb8 31. Kg2 Rb6 32. Rd3 Rc6 33. Ra3 1/2-1/2

[Event "Wch Seniors (Women) 31st"]
[Site "Terassini"]
[Date "2023.10.26"]
[Round "2"]
[White "Klinova, Masha"]
[Black "Makropoulou, Marina"]
[Result "1-0"]
[WhiteElo "2249"]
[BlackElo "2081"]
[PlyCount "125"]
[EventDate "2023.10.25"]
[EventType "swiss"]
[EventRounds "11"]
[EventCountry "ITA"]
[SourceTitle "Mega2024 Update 01"]
[Source "Chessbase"]
[SourceDate "2023.11.12"]
[SourceVersion "1"]
[SourceVersionDate "2023.11.12"]
[SourceQuality "1"]

1. e4 c5 2. Nf3 d6 3. Bb5+ Nd7 4. 0-0 a6 5. Bxd7+ Bxd7 6. d4 cxd4 7. Qxd4 Rc8 8. a4 e5 9. Qd3 Qc7 10. Nc3 Be6 11. Rd1 Qc4 12. Qxc4 Rxc4 13. Be3 h6 14. Nd2 Rc8 15. Nf1 Nf6 16. f3 Be7 17. Bf2 0-0 18. Ne3 Rfe8 19. a5 g6 20. Na4 Nd7 21. b3 f5 22. c4 Nc5 23. Nxc5 dxc5 24. Nd5 Kf7 25. Ra2 Red8 26. Rad2 Bxd5 27. Rxd5 Rxd5 28. Rxd5 Ke6 29. Kf1 Bd6 30. Ke2 Rc6 31. Kd3 Rc8 32. exf5+ gxf5 33. g4 fxg4 34. fxg4 Rf8 35. Ke2 Rc8 36. Be3 Bf8 37. Kf3 Bd6 38. h3 Rf8+ 39. Ke2 Rf6 40. Bxc5 Bxc5 41. Rxc5 Rf7 42. b4 h5 43. gxh5 Rh7 44. b5 axb5 45. cxb5 Kd6 46. Rc3 Rxh5 47. a6 bxa6 48. bxa6 Rh7 49. Ra3 Ra7 50. Ke3 Kc7 51. h4 Kb8 52. Kf3 Rg7 53. a7+ Ka8 54. Ra4 Rg1 55. h5 Rh1 56. Kg4 Rg1+ 57. Kf5 Rf1+ 58. Kg5 Rg1+ 59. Rg4 Rh1 60. h6 Kxa7 61. Rh4 Rg1+ 62. Kh5 Rg8 63. h7 1-0

[Event "Arco op 45th"]
[Site "Arco"]
[Date "2023.10.15"]
[Round "9"]
[White "Lortkipanidze, Nodar"]
[Black "Makropoulou, Marina"]
[Result "1/2-1/2"]
[WhiteElo "2392"]
[BlackElo "2081"]
[PlyCount "180"]
[EventDate "2023.10.07"]
[EventType "swiss"]
[EventRounds "9"]
[EventCountry "ITA"]
[SourceTitle "Mega2024 Update 01"]
[Source "Chessbase"]
[SourceDate "2023.11.12"]
[SourceVersion "1"]
[SourceVersionDate "2023.11.12"]
[SourceQuality "1"]

1. c4 e5 2. g3 Nf6 3. Bg2 c6 4. Nf3 e4 5. Nd4 d5 6. cxd5 cxd5 7. 0-0 Nc6 8. Nxc6 bxc6 9. Qc2 Qb6 10. Nc3 Bd6 11. b3 0-0 12. Bb2 Bf5 13. Na4 Qb5 14. e3 Nd7 15. f4 Rac8 16. h3 Nc5 17. Ba3 Nb7 18. Bxd6 Nxd6 19. g4 Bd7 20. Nc5 Rc7 21. Rfc1 Bc8 22. Bf1 Qb6 23. Qc3 Re8 24. a4 Rce7 25. a5 Qd8 26. Qb4 Rc7 27. Qb8 Qe7 28. Qb4 Qh4 29. Nd3 Qg3+ 30. Bg2 Nf5 31. gxf5 exd3 32. Rf1 Bxf5 33. Rf3 Qg6 34. Kh2 c5 35. Qc3 d4 36. exd4 Qd6 37. dxc5 Rxc5 38. Qb4 Rb8 39. Qa4 Rc2 40. Re1 g6 41. Rf2 Rb4 42. Re8+ Kg7 43. Qa1+ Kh6 44. Re5 Rd4 45. Qe1 f6 46. Qe3 Rc7 47. a6 Kg7 48. Rb5 Re7 49. Rb7 Bd7 50. Qg3 Qxa6 51. f5 g5 52. Rf1 Re2 53. Kg1 Kh6 54. h4 g4 55. Rf2 Re1+ 56. Kh2 Bc6 57. Rf7 Bxg2 58. Rxg2 Re5 59. Rf2 Qd6 60. Rxa7 Re2 61. Qxd6 Rxf2+ 62. Kg1 Rxd6 63. Kxf2 Rd5 64. Kg3 Rxf5 65. Kxg4 Rb5 66. Rd7 Rxb3 67. Kf5 Rb4 68. Rxd3 Rxh4 69. Rg3 Rh2 70. d4 Rf2+ 71. Ke6 f5 72. Kf6 Kh5 73. Rg5+ Kh4 74. Rxf5 Rd2 75. d5 Kg4 76. Rg5+ Kf4 77. Rh5 Kg4 78. Re5 Rf2+ 79. Ke6 h5 80. d6 Rf8 81. Ke7 Rh8 82. d7 h4 83. Kf6 Rf8+ 84. Ke7 Rh8 85. Kd6 Rd8 86. Kc7 Rxd7+ 87. Kxd7 h3 88. Re2 Kg3 89. Re3+ Kg2 90. Rxh3 Kxh3 1/2-1/2

[Event "Arco op 45th"]
[Site "Arco"]
[Date "2023.10.08"]
[Round "2"]
[White "Privitera, Franco"]
[Black "Makropoulou, Marina"]
[Result "0-1"]
[WhiteElo "1931"]
[BlackElo "2081"]
[PlyCount "76"]
[EventDate "2023.10.07"]
[EventType "swiss"]
[EventRounds "9"]
[EventCountry "ITA"]
[SourceTitle "Mega2024 Update 01"]
[Source "Chessbase"]
[SourceDate "2023.11.12"]
[SourceVersion "1"]
[SourceVersionDate "2023.11.12"]
[SourceQuality "1"]

1. d4 Nf6 2. c4 e6 3. Nc3 Bb4 4. a3 Bxc3+ 5. bxc3 b6 6. Nf3 Nc6 7. Bg5 h6 8. Bh4 d6 9. e3 Na5 10. Bd3 Ba6 11. 0-0 Qd7 12. Qe2 Rc8 13. e4 Nh5 14. Bg3 Nxg3 15. hxg3 c5 16. dxc5 Rxc5 17. e5 Bxc4 18. exd6 Qxd6 19. Rfd1 Qc7 20. Nd4 0-0 21. Qe4 Bxd3 22. Rxd3 Qe5 23. Qh4 Rfc8 24. Rad1 Qh5 25. Qe7 Rxc3 26. Rf3 R3c7 27. Qb4 Qc5 28. Qe1 Nc4 29. Rc3 Qe5 30. Qf1 b5 31. Ne2 Nb6 32. Re3 Qc5 33. Nf4 a6 34. Red3 Nc4 35. Rd8+ Rxd8 36. Rxd8+ Kh7 37. Qd3+ Qf5 38. Qf3 Ne5 0-1

[Event "EU-ch Seniors 50 (Women)"]
[Site "Acqui Terme"]
[Date "2023.05.28"]
[Round "3"]
[White "Makropoulou, Marina"]
[Black "Sirletti, Sonia"]
[Result "1/2-1/2"]
[WhiteElo "2081"]
[BlackElo "1825"]
[PlyCount "90"]
[EventDate "2023.05.26"]
[EventType "swiss"]
[EventRounds "9"]
[EventCountry "ITA"]
[SourceTitle "CBM 214 Extra"]
[Source "ChessBase"]
[SourceDate "2023.07.31"]
[SourceVersion "1"]
[SourceVersionDate "2023.07.31"]
[SourceQuality "1"]

1. e4 c6 2. d4 d5 3. Nc3 dxe4 4. Nxe4 Nd7 5. Nf3 Ngf6 6. Nxf6+ Nxf6 7. c3 Bg4 8. h3 Bxf3 9. Qxf3 e6 10. Bd3 Qc7 11. 0-0 Bd6 12. Re1 0-0-0 13. a4 Kb8 14. b4 Nd5 15. Be4 f5 16. Bxd5 exd5 17. b5 Rde8 18. Bd2 g6 19. Qd3 Rxe1+ 20. Rxe1 Qd7 21. c4 dxc4 22. Qxc4 cxb5 23. axb5 Rc8 24. Qd3 Re8 25. Rxe8+ Qxe8 26. Qc4 Bc7 27. g3 Qd8 28. Bh6 Qe8 29. Kf1 b6 30. Bg7 Qe4 31. Kg1 Kb7 32. Bh6 Qe1+ 33. Kg2 Qe4+ 34. Kg1 Qe1+ 35. Kg2 Qe4+ 36. Kh2 f4 37. Bxf4 Bxf4 38. gxf4 Qxf4+ 39. Kg2 Qg5+ 40. Kf1 Qf5 41. Qc6+ Kb8 42. Kg2 Qg5+ 43. Kf1 Qf5 44. Kg2 Qg5+ 45. Kf1 Qf5 1/2-1/2

[Event "EU-ch (Women) 23rd"]
[Site "Petrovac"]
[Date "2023.03.18"]
[Round "1"]
[White "Makropoulou, Marina"]
[Black "Sargsyan, Anna M"]
[Result "1-0"]
[WhiteElo "2102"]
[BlackElo "2371"]
[PlyCount "55"]
[EventDate "2023.03.18"]
[EventType "swiss"]
[EventRounds "11"]
[EventCountry "MNE"]
[SourceTitle "CBM 213 Extra"]
[Source "ChessBase"]
[SourceDate "2023.05.31"]
[SourceVersion "1"]
[SourceVersionDate "2023.05.31"]
[SourceQuality "1"]

1. e4 c6 2. d4 d5 3. Nc3 dxe4 4. Nxe4 Bf5 5. Ng3 Bg6 6. N1e2 Nf6 7. h4 h6 8. c3 e6 9. Nf4 Bh7 10. Qb3 Qc7 11. Be2 Nbd7 12. Be3 Bd6 13. Ngh5 0-0 14. 0-0-0 a5 15. Bd3 Nd5 16. Bxh7+ Kxh7 17. Qc2+ g6 18. Nxd5 exd5 19. g3 a4 20. Rhe1 Qd8 21. Nf4 Kh8 22. Nd3 Kg7 23. Qd2 Rh8 24. Bf4 Bxf4 25. Qxf4 Qf6 26. Qc7 Qf5 27. Re7 Rad8 28. g4 1-0

[Event "GRE-ch (Women) 44th"]
[Site "Athens"]
[Date "2022.12.07"]
[Round "7"]
[White "Makropoulou, Marina"]
[Black "Kiousi, Panagiota"]
[Result "1-0"]
[WhiteElo "2130"]
[BlackElo "1818"]
[PlyCount "87"]
[EventDate "2022.12.03"]
[EventType "tourn"]
[EventRounds "11"]
[EventCountry "GRE"]
[SourceTitle "CBM 211 Extra"]
[Source "ChessBase"]
[SourceDate "2023.01.31"]
[SourceVersion "1"]
[SourceVersionDate "2023.01.31"]
[SourceQuality "1"]

1. e4 c5 2. Nf3 d6 3. Bb5+ Nd7 4. d4 cxd4 5. Nxd4 Ngf6 6. 0-0 g6 7. Re1 Bg7 8. Nc3 0-0 9. h3 Nc5 10. a4 d5 11. exd5 Nxd5 12. Bg5 a6 13. Bf1 h6 14. Nxd5 Qxd5 15. Bxe7 Qxd4 16. Qxd4 Bxd4 17. c3 Nb3 18. Bxf8 Nxa1 19. Bxh6 Nc2 20. Rc1 Kh7 21. cxd4 Nxd4 22. Be3 Nc6 23. Bb6 Bf5 24. Re1 Rc8 25. a5 Nb4 26. g4 Be6 27. Bg2 Nd3 28. Rb1 Nf4 29. Bxb7 Nxh3+ 30. Kh2 Rb8 31. Bxa6 Bxg4 32. Kg3 Bf5 33. Rh1 Kg7 34. Rxh3 Bxh3 35. Kxh3 Kf6 36. b4 Kf5 37. Bc4 Ke4 38. Bxf7 g5 39. Kg3 Rf8 40. f3+ Kd3 41. Bd5 Kc3 42. Bc5 Rd8 43. Be4 Kc4 44. a6 1-0

[Event "Wch Seniors 50 30th"]
[Site "Assisi"]
[Date "2022.11.20"]
[Round "6"]
[White "Makropoulou, Marina"]
[Black "Favier, Alain"]
[Result "0-1"]
[WhiteElo "2153"]
[BlackElo "1972"]
[PlyCount "102"]
[EventDate "2022.11.15"]
[EventType "swiss"]
[EventRounds "11"]
[EventCountry "ITA"]
[SourceTitle "CBM 211 Extra"]
[Source "ChessBase"]
[SourceDate "2023.01.31"]
[SourceVersion "1"]
[SourceVersionDate "2023.01.31"]
[SourceQuality "1"]

1. e4 c5 2. Nf3 d6 3. d4 cxd4 4. Nxd4 Nf6 5. Nc3 a6 6. h3 e5 7. Nde2 Be6 8. g4 h6 9. Bg2 b5 10. Be3 Nbd7 11. a4 b4 12. Nd5 Nc5 13. Ng3 Nxd5 14. exd5 Bc8 15. a5 Rb8 16. 0-0 Be7 17. Qd2 0-0 18. Rfe1 Qc7 19. Bf1 Bh4 20. Bg2 f5 21. gxf5 Bxf5 22. Qe2 Bxg3 23. fxg3 Rb5 24. Rf1 b3 25. cxb3 Rxb3 26. Kh2 Rf6 27. Bxc5 Qxc5 28. Qxa6 Rxb2 29. Rae1 Qxd5 30. Re2 Rxe2 31. Qxe2 Qxa5 32. Qc4+ Be6 33. Qc6 Rxf1 34. Bxf1 Qd2+ 35. Bg2 Kf7 36. h4 h5 37. Kh1 Ke7 38. Qb7+ Kf6 39. Qf3+ Kg6 40. Qf8 Bf5 41. Qe8+ Kh6 42. Qh8+ Bh7 43. Qe8 e4 44. Qe7 d5 45. Bf1 Bg6 46. Qd8 d4 47. Bh3 Qf2 48. g4 Qf3+ 49. Bg2 Qxg4 50. Qxd4 Qxh4+ 51. Kg1 Qg3 0-1

[Event "Braila GP RO Stage 5"]
[Site "Braila"]
[Date "2022.11.06"]
[Round "6"]
[White "Makropoulou, Marina"]
[Black "Talmaci, Chiril"]
[Result "1-0"]
[WhiteElo "2153"]
[BlackElo "1887"]
[PlyCount "37"]
[EventDate "2022.11.05"]
[EventType "swiss (rapid)"]
[EventRounds "10"]
[EventCountry "ROU"]
[SourceTitle "EXT 2024"]
[Source "ChessBase"]
[SourceDate "2023.10.10"]
[SourceVersion "1"]
[SourceVersionDate "2023.10.10"]
[SourceQuality "1"]

1. e4 c6 2. d4 d5 3. Nc3 dxe4 4. Nxe4 Nd7 5. Bc4 Ngf6 6. Ng5 e6 7. c3 Be7 8. Bxe6 fxe6 9. Nxe6 Qa5 10. Nf3 Rg8 11. b4 Qb6 12. 0-0 Nf8 13. Nc5 Bg4 14. Re1 Kd8 15. h3 Bxf3 16. Qxf3 Qc7 17. Bf4 Bd6 18. Bxd6 Qf7 19. Bxf8 1-0

[Event "Braila GP RO Stage 5"]
[Site "Braila"]
[Date "2022.11.05"]
[Round "4"]
[White "Makropoulou, Marina"]
[Black "Zilka, Stepan"]
[Result "1/2-1/2"]
[WhiteElo "2153"]
[BlackElo "2602"]
[PlyCount "85"]
[EventDate "2022.11.05"]
[EventType "swiss (rapid)"]
[EventRounds "10"]
[EventCountry "ROU"]
[SourceTitle "EXT 2024"]
[Source "ChessBase"]
[SourceDate "2023.10.10"]
[SourceVersion "1"]
[SourceVersionDate "2023.10.10"]
[SourceQuality "1"]

1. e4 c5 2. Nf3 d6 3. d4 cxd4 4. Nxd4 Nf6 5. Nc3 g6 6. Be3 Bg7 7. f3 0-0 8. Qd2 Nc6 9. 0-0-0 d5 10. exd5 Nxd5 11. Nxc6 bxc6 12. Bd4 Nxc3 13. Qxc3 Bh6+ 14. Be3 Bxe3+ 15. Qxe3 Qa5 16. Bc4 Ba6 17. Bxa6 Qxa6 18. a3 Rab8 19. Rd3 c5 20. Rhd1 Qf6 21. Rc3 Rfd8 22. Rxd8+ Rxd8 23. Rd3 Rxd3 24. cxd3 Qd6 25. g3 h5 26. f4 f5 27. Kc2 Kf7 28. Kc3 Qd5 29. d4 c4 30. Qe5 Qg2 31. d5 Qxh2 32. Qe6+ Kf8 33. Qxg6 Qh3 34. Kxc4 Qf1+ 35. Kd4 Qf2+ 36. Ke5 Qe3+ 37. Kxf5 Qd3+ 38. Kg5 Qxg3+ 39. Kxh5 Qh3+ 40. Kg5 Qg3+ 41. Kh5 Qh3+ 42. Kg5 Qg3+ 43. Kh5 1/2-1/2

[Event "Braila Albulet Memorial (Women) 13th"]
[Site "Braila"]
[Date "2022.10.31"]
[Round "4"]
[White "Kubicka, Anna"]
[Black "Makropoulou, Marina"]
[Result "1-0"]
[WhiteElo "2262"]
[BlackElo "2153"]
[PlyCount "105"]
[EventDate "2022.10.29"]
[EventType "tourn"]
[EventRounds "9"]
[EventCountry "ROU"]
[SourceTitle "EXT 2024"]
[Source "ChessBase"]
[SourceDate "2023.10.10"]
[SourceVersion "1"]
[SourceVersionDate "2023.10.10"]
[SourceQuality "1"]

1. e4 c5 2. Nf3 e6 3. d4 cxd4 4. Nxd4 Nc6 5. Nc3 Qc7 6. Be3 a6 7. Qf3 b5 8. Nxc6 Qxc6 9. Bd3 Bb7 10. Qg3 b4 11. Ne2 Nf6 12. Nd4 Nxe4 13. Nxc6 Nxg3 14. Na5 Nxh1 15. Nxb7 Nxf2 16. Bxf2 d5 17. Nc5 Bd6 18. a3 bxa3 19. Rxa3 0-0 20. b4 e5 21. Rxa6 Rxa6 22. Bxa6 d4 23. Nd3 e4 24. Nc5 Ra8 25. Bb7 Rb8 26. Bg3 Bxg3+ 27. hxg3 f5 28. Bd5+ Kh8 29. Na6 Rb6 30. Bc4 g5 31. b5 Kg7 32. Nc5 h5 33. Ne6+ Kf6 34. Nxd4 Ke5 35. Nc6+ Kd6 36. Be2 h4 37. gxh4 gxh4 38. Kf2 f4 39. c4 Rb7 40. Nd4 Ke5 41. Nc6+ Kd6 42. Nb4 Rg7 43. Bf1 Rg3 44. Na6 Ke5 45. c5 Kd4 46. c6 h3 47. gxh3 e3+ 48. Ke1 f3 49. c7 Rg8 50. b6 e2 51. Bxe2 Ke3 52. Bf1 Ra8 53. b7 1-0

[Event "GRE-ch (Women) 43rd"]
[Site "Lamia"]
[Date "2021.12.11"]
[Round "8"]
[White "Mihailidou, Magdalini"]
[Black "Makropoulou, Marina"]
[Result "1/2-1/2"]
[WhiteElo "1728"]
[BlackElo "2182"]
[PlyCount "124"]
[EventDate "2021.12.04"]
[EventType "tourn"]
[EventRounds "9"]
[EventCountry "GRE"]
[SourceTitle "CBM 205 Extra"]
[Source "ChessBase"]
[SourceDate "2022.01.31"]
[SourceVersion "1"]
[SourceVersionDate "2022.01.31"]
[SourceQuality "1"]

1. e4 c5 2. Nf3 e6 3. d4 cxd4 4. Nxd4 Nc6 5. Nc3 a6 6. f4 d5 7. exd5 exd5 8. Be3 Nf6 9. Qd2 Bb4 10. Bd3 0-0 11. 0-0-0 Re8 12. Rde1 Bd7 13. h3 Rc8 14. g4 Na5 15. Nde2 Nc4 16. Bxc4 Rxc4 17. g5 Ne4 18. Qxd5 Nd6 19. Qd2 Qc8 20. Bd4 Ne4 21. Qd3 Bf5 22. Qf3 b5 23. Be5 a5 24. Ng3 Nxg3 25. Qxg3 Bf8 26. Kb1 b4 27. Nd5 Rxc2 28. Ka1 Rd8 29. Ne3 Rd3 30. Nxf5 Rxg3 31. Nxg3 a4 32. Ne4 Be7 33. Rhg1 Kf8 34. Bd6 Qc6 35. Bxe7+ Kxe7 36. Nf6+ Kd8 37. Rd1+ Kc8 38. Nd5 Qc5 39. Rge1 a3 40. Re8+ Kb7 41. Re7+ Ka6 42. Rc7 Qxc7 43. Nxc7+ Rxc7 44. Kb1 Rc4 45. Rd6+ Kb5 46. Rd5+ Rc5 47. Rxc5+ Kxc5 48. bxa3 bxa3 49. Kc2 Kc4 50. f5 f6 51. h4 Kd5 52. gxf6 gxf6 53. Kb3 Ke5 54. Kxa3 Kxf5 55. Kb4 Kg4 56. a4 f5 57. a5 f4 58. a6 f3 59. a7 f2 60. a8Q f1Q 61. Qg8+ Kxh4 62. Qxh7+ Kg3 1/2-1/2

[Event "EU-ch (Women) 21st"]
[Site "Iasi"]
[Date "2021.08.19"]
[Round "10"]
[White "Makropoulou, Marina"]
[Black "Zeliantsova, Kseniya"]
[Result "1-0"]
[WhiteElo "2186"]
[BlackElo "1970"]
[PlyCount "77"]
[EventDate "2021.08.09"]
[EventType "swiss"]
[EventRounds "11"]
[EventCountry "ROU"]
[SourceTitle "CBM 203 Extra"]
[Source "ChessBase"]
[SourceDate "2021.09.30"]
[SourceVersion "1"]
[SourceVersionDate "2021.09.30"]
[SourceQuality "1"]

1. e4 c5 2. Nf3 Nc6 3. Bb5 g6 4. c3 Nf6 5. Qe2 Bg7 6. d4 cxd4 7. cxd4 d5 8. e5 Ne4 9. 0-0 0-0 10. Be3 Qb6 11. Nc3 Nxc3 12. bxc3 Bg4 13. Rab1 Rac8 14. h3 Bxf3 15. Qxf3 e6 16. h4 Qd8 17. h5 Qh4 18. Qd1 Qe7 19. g3 Na5 20. Kg2 a6 21. Be2 Rfe8 22. Rh1 Nc4 23. Bc1 b5 24. Bd3 Nb6 25. hxg6 hxg6 26. Bd2 Rc7 27. Qg4 Rec8 28. Bg5 f6 29. exf6 Bxf6 30. Bf4 Rxc3 31. Bxg6 Bg7 32. Rbe1 R8c6 33. Bg5 Qd7 34. Qf4 e5 35. Bh7+ Kh8 36. dxe5 Qb7 37. Qg4 R3c4 38. Qh5 Qb8 39. Qf7 1-0

[Event "EU-ch (Women) 21st"]
[Site "Iasi"]
[Date "2021.08.18"]
[Round "9"]
[White "Abdulla, Khayala Mardan Qizi"]
[Black "Makropoulou, Marina"]
[Result "1/2-1/2"]
[WhiteElo "2264"]
[BlackElo "2186"]
[PlyCount "122"]
[EventDate "2021.08.09"]
[EventType "swiss"]
[EventRounds "11"]
[EventCountry "ROU"]
[SourceTitle "CBM 203 Extra"]
[Source "ChessBase"]
[SourceDate "2021.09.30"]
[SourceVersion "1"]
[SourceVersionDate "2021.09.30"]
[SourceQuality "1"]

1. e4 c5 2. Nf3 e6 3. c4 Nc6 4. Nc3 a6 5. d4 cxd4 6. Nxd4 Qc7 7. Be3 Nf6 8. a3 b6 9. Be2 Bb7 10. f3 Nxd4 11. Bxd4 e5 12. Bf2 Bc5 13. 0-0 0-0 14. Rc1 d6 15. b4 Bxf2+ 16. Rxf2 Rfd8 17. Bf1 Qe7 18. Rd2 Rab8 19. Qe1 Ne8 20. Qe3 Nc7 21. Nd5 Nxd5 22. cxd5 Rdc8 23. Rdc2 Rxc2 24. Rxc2 Qd8 25. g3 Rc8 26. Rxc8 Bxc8 27. Qc3 Bb7 28. Bh3 h6 29. Kf2 Kh7 30. a4 Kg8 31. a5 Kf8 32. Bf1 Ke7 33. h4 Kf8 34. Ke3 g6 35. Kf2 Kg7 36. f4 f6 37. Qe3 bxa5 38. Qa7 Qa8 39. Qxa8 Bxa8 40. bxa5 Bb7 41. fxe5 fxe5 42. Bh3 Kf6 43. Bd7 Ke7 44. Be6 h5 45. g4 Kf6 46. Kf3 Kg7 47. Kg3 Kf6 48. Bd7 Kf7 49. Kf2 Kg7 50. Be8 Kh6 51. Bd7 Kg7 52. Kf3 Kh6 53. Kg3 Kg7 54. Be8 Kh6 55. Ba4 Bc8 56. Bd1 Bd7 57. Be2 Bc8 58. Kh3 Bb7 59. Kg3 Bc8 60. Bf3 Bd7 61. Be2 Bc8 1/2-1/2

[Event "EU-ch (Women) 21st"]
[Site "Iasi"]
[Date "2021.08.17"]
[Round "8"]
[White "Makropoulou, Marina"]
[Black "Heinemann, Josefine"]
[Result "0-1"]
[WhiteElo "2186"]
[BlackElo "2296"]
[PlyCount "84"]
[EventDate "2021.08.09"]
[EventType "swiss"]
[EventRounds "11"]
[EventCountry "ROU"]
[SourceTitle "CBM 203 Extra"]
[Source "ChessBase"]
[SourceDate "2021.09.30"]
[SourceVersion "1"]
[SourceVersionDate "2021.09.30"]
[SourceQuality "1"]

1. e4 c5 2. Nf3 d6 3. Bb5+ Nd7 4. d4 cxd4 5. Qxd4 a6 6. Bxd7+ Bxd7 7. Nc3 e5 8. Qd3 h6 9. 0-0 Nf6 10. Nd2 b5 11. Rd1 Be7 12. a4 0-0 13. Nf1 b4 14. Ne2 Bc6 15. Neg3 d5 16. Nf5 Nxe4 17. N1g3 Bc5 18. Be3 Bxe3 19. Qxe3 Nxg3 20. Qxg3 Qf6 21. Ne3 Qe6 22. Ng4 Rae8 23. Re1 e4 24. f4 Bd7 25. Ne5 Bc8 26. h3 f6 27. Ng6 Rf7 28. Kh2 d4 29. Rad1 Rd7 30. Nh4 Rdd8 31. Kh1 Qf7 32. f5 Re5 33. Qf2 Qd5 34. Ng6 Ree8 35. Rf1 e3 36. Qe2 Bxf5 37. Nf4 Qe4 38. Qh5 Bc8 39. Rde1 Qxc2 40. Qf3 Qe4 41. Qg3 Qe5 42. Qg6 Bf5 0-1

[Event "EU-ch (Women) 21st"]
[Site "Iasi"]
[Date "2021.08.13"]
[Round "5"]
[White "Koubova, Anna Marie"]
[Black "Makropoulou, Marina"]
[Result "0-1"]
[WhiteElo "2073"]
[BlackElo "2186"]
[PlyCount "110"]
[EventDate "2021.08.09"]
[EventType "swiss"]
[EventRounds "11"]
[EventCountry "ROU"]
[SourceTitle "CBM 203 Extra"]
[Source "ChessBase"]
[SourceDate "2021.09.30"]
[SourceVersion "1"]
[SourceVersionDate "2021.09.30"]
[SourceQuality "1"]

1. d4 Nf6 2. c4 e6 3. Nc3 d5 4. cxd5 exd5 5. Bg5 Be7 6. e3 c6 7. Bd3 0-0 8. Qc2 Nbd7 9. Nf3 Re8 10. 0-0 Nf8 11. h3 g6 12. Bh6 Bd6 13. Rae1 Bd7 14. Bg5 Ne6 15. Bh4 Ng7 16. e4 dxe4 17. Nxe4 Be7 18. Neg5 Nd5 19. Qd2 Bb4 20. Rxe8+ Qxe8 21. Qe2 Qxe2 22. Bxe2 Nf5 23. Bd3 Nxh4 24. Nxh4 Kg7 25. Ne4 Rd8 26. Rd1 Nf4 27. Bf1 Be6 28. Nc3 a6 29. a3 Be7 30. Nf3 Bb3 31. Rd2 Bf6 32. Ne4 Bd5 33. Nxf6 Bxf3 34. Nxh7 Bxg2 35. Ng5 Bd5 36. f3 Re8 37. Kf2 f6 38. Ne4 Bxe4 39. fxe4 Rxe4 40. Bg2 Nxg2 41. Kxg2 Re3 42. d5 cxd5 43. Rxd5 Rb3 44. Rd2 Kh6 45. Rc2 f5 46. Kh2 Kh5 47. Rf2 Kg5 48. Rg2+ Kh4 49. Rxg6 Rxb2+ 50. Kg1 Kxh3 51. a4 Kh4 52. Kf1 a5 53. Rg7 Kh5 54. Ke1 Kh6 55. Rg8 Rb4 0-1

[Event "EU-ch (Women) 21st"]
[Site "Iasi"]
[Date "2021.08.10"]
[Round "2"]
[White "Makropoulou, Marina"]
[Black "Arabidze, Meri"]
[Result "0-1"]
[WhiteElo "2186"]
[BlackElo "2438"]
[PlyCount "71"]
[EventDate "2021.08.09"]
[EventType "swiss"]
[EventRounds "11"]
[EventCountry "ROU"]
[SourceTitle "CBM 203 Extra"]
[Source "ChessBase"]
[SourceDate "2021.09.30"]
[SourceVersion "1"]
[SourceVersionDate "2021.09.30"]
[SourceQuality "1"]

1. e4 e5 2. Nf3 Nc6 3. Nc3 Nf6 4. Bb5 Bb4 5. 0-0 0-0 6. d3 d6 7. Bg5 Ne7 8. Bxf6 gxf6 9. d4 c6 10. Bd3 Ng6 11. Ne2 Kh8 12. c3 Ba5 13. Qd2 Rg8 14. Kh1 Bb6 15. a4 a5 16. Qh6 Be6 17. Rfd1 Qf8 18. Qxf8 Raxf8 19. Rd2 d5 20. Ng3 Nf4 21. Bf1 Bg4 22. Ne1 Rd8 23. f3 Be6 24. Nc2 dxe4 25. fxe4 Bb3 26. Nf5 Rge8 27. g3 Ne6 28. Bg2 Bxc2 29. Rxc2 exd4 30. cxd4 Nxd4 31. Nxd4 Rxd4 32. Bf3 Red8 33. Ra3 Rb4 34. Kg2 Rdd4 35. h4 Kg7 36. Ra1 0-1